FNI reports

Detalles Bibliográficos
Formato: Electrónico Revista
Lenguaje:inglés
Publicado: Lysaker, Norway : Fridtjof Nansen Institute
Materias:
Acceso en línea:Full text available from Research Library: 01/01/2006 to present

MARC

LEADER 00000nas a2200000 i 4500
001 ssj0001073063
003 WaSeSS
005 20200512172242.0
006 m d
007 cr n
008 131213c20uu9999no u| p|s|||||| |0eng d
035 |a (WaSeSS)ssj0001073063 
040 |a WaSeSS  |b eng  |c WaSeSS  |d WaSeSS 
050 1 4 |a HC79.E5 
245 0 0 |a FNI reports  |h [electronic resource]. 
246 1 |a Fridtjof Nansen Institute reports 
260 |a Lysaker, Norway :  |b Fridtjof Nansen Institute 
310 |a Quarterly 
506 |a License restrictions may limit access. 
588 |a Description based on: 6 (June 2001); title from article pdf (ProQuest, viewed Dec. 12, 2013). 
588 |a Latest issue consulted: 5 (August 2013) (viewed Dec. 12, 2013). 
650 0 |a Environmental policy  |v Periodicals. 
655 0 |a Electronic journals. 
856 4 0 |z Full text available from Research Library: 01/01/2006 to present  |u https://search.proquest.com/publication/54959